Las tecnologías de la información y la comunicación en la enseñanza : manual para docentes o cómo crear nuevos entornos de aprendizaje abierto por medio de las tic /
Guardado en:
| Autor Principal: | |
|---|---|
| Formato: | Libro |
| Publicado: |
Montevideo :
Unesco,
2005
|
| Materias: | |
| Etiquetas: |
Agregar Etiqueta
Sin Etiquetas, Sea el primero en etiquetar este registro!
|
| LEADER | 00855nam a22002175a 4500 | ||
|---|---|---|---|
| 001 | CEM.cems013843 | ||
| 008 | 130507s2005##################000#0#####d | ||
| 005 | 20210705085253.0 | ||
| 003 | CEMS | ||
| 245 | 1 | 0 | |a Las tecnologías de la información y la comunicación en la enseñanza : |b manual para docentes o cómo crear nuevos entornos de aprendizaje abierto por medio de las tic / |c Alexey Semenov, Leonid Pereverzev, Elena Bulin-sokolova; traducción Al Español: Fernanda Trías y Elizabeth Ardans; coordinadora: Mariana Patru |
| 260 | |a Montevideo : |b Unesco, |c 2005 | ||
| 300 | |a 239 p. | ||
| 590 | |a 1018.013 | ||
| 020 | |a 9974324149 | ||
| 100 | 1 | |a Semenov, Alexey | |
| 653 | |a Educación | ||
| 653 | |a Tic | ||
| 653 | |a Tecnologías digitales | ||
| 653 | |a Educación digital | ||
| 653 | |a Biblioteca TC | ||
| 859 | |a CEMS |b BIB. CEMS - 11 de abril |h TC |p 1018.013 |t Ej.1 | ||
